00809nam a22002417a 450000500170000001000130001702000220003003500130005203700160006504000120008108200170009310000240011024500540013425000120018826000500020027000580025030000250030865000300033365000300036394200260039399900190041995201290043820170124105930.0 aA-379540 c00.00a8185060185 aA-379540 bCen Lib/Ret aDPLbEN a320.954bNAR aNarang, A.S. 98009 aIndian goverments and politics /cby A.S. Narang  a3rd ed. aNew Delhi bGitanjali Publishing House c1989 a2/12, vikram vihar, lajpat nagar bNew Delhi e110024 axii, 478p.c20cm(Hb) aPolitical science9107606 aIndian governments 98011 2ddccENh320.954mNAR c123780d123780 001040718REFaLbLd2015-06-12eCen Lib/Retg0.00l0o320.954 NARpA-379540r2015-06-12 00:00:00t1v0.00w2015-06-12yEN